Protocols for secure electronic commerce /
Guardado en:
| Autor Principal: | |
|---|---|
| Formato: | Libro |
| Idioma: | English |
| Publicado: |
Boca Raton, FL :
CRC Press,
2003, c2004.
|
| Edición: | 2nd ed. |
| Series: | CRC Press advanced and emerging communications technologies series
|
| Materias: | |
| Acceso en línea: | Publisher description |
| Etiquetas: |
Agregar Etiqueta
Sin Etiquetas, Sea el primero en etiquetar este registro!
|
| LEADER | 01109cam a22002894a 4500 | ||
|---|---|---|---|
| 001 | DCC.dcic001043 | ||
| 008 | 030731t20032004flua#####b####001#0#eng## | ||
| 005 | 20151130132052.0 | ||
| 245 | 1 | 0 | |a Protocols for secure electronic commerce / |c Mostafa Hashem Sherif. |
| 250 | |a 2nd ed. | ||
| 260 | |a Boca Raton, FL : |b CRC Press, |c 2003, c2004. | ||
| 300 | |a 607 p. : |b il. ; |c 24 cm. | ||
| 490 | 1 | |a Advanced and emerging communications technologies series | |
| 504 | |a Incluye referencias bibliográficas (p. 575-596) e índice. | ||
| 020 | |a 0849315093 (alk. paper) | ||
| 100 | 1 | |a Sherif, Mostafa Hashem. | |
| 240 | 1 | 0 | |a Monnaie électronique. |l Inglés |
| 830 | 0 | |a CRC Press advanced and emerging communications technologies series | |
| 082 | 0 | 0 | |a 658.8/72/028558 |2 22 |
| 650 | 0 | |a Electronic commerce. | |
| 650 | 0 | |a Bank credit cards. | |
| 650 | 0 | |a Computer networks |x Security measures. | |
| 010 | |a 2003061098 | ||
| 040 | |a DLC |c DLC |d DLC | ||
| 050 | 0 | 0 | |a HF5548.32 |b .S5213 2003 |
| 856 | 4 | 2 | |3 Publisher description |u http://www.loc.gov/catdir/enhancements/fy0646/2003061098-d.html |
| 859 | |a DCIC |b BIB. COMPUTACION |p 1822 | ||
